header

Surface for dummies (Record no. 45254)

MARC details
000 -LEADER
fixed length control field 01178nam a2200313 a 4500
100 1# - MAIN ENTRY--AUTHOR NAME
Personal name Rathbone, Andy.
245 10 - TITLE STATEMENT
Title Surface for dummies
260 ## - PUBLICATION, DISTRIBUTION, ETC. (IMPRINT)
Place of publication Hoboken, N.J. :
Name of publisher John Wiley & Sons, Inc.,
Year of publication 2013.
300 ## - PHYSICAL DESCRIPTION
Number of Pages xiv, 240 p. :
Other physical details ill. (some col.)
500 ## - GENERAL NOTE
General note Includes index.
650 #0 - SUBJECT ADDED ENTRY--TOPICAL TERM
Topical Term Tablet computers.
856 40 - ELECTRONIC LOCATION AND ACCESS
Uniform Resource Identifier http://site.ebrary.com/lib/rucke/Doc?id=10646001

No items available.

© 2026 Rongo University
Contact us: librarian | system librarian | Rongo university